000
00299 a2200097 4500
000
nam a22 7a 4500
020
_a
9781498783590
100
_a
Kaushik, Brajesh Kumar
245
_a
Spacer engineered FinFET architectures : high-performance digital circuit applications
260
_b
CRC Press,
_c
2017.
999
_c
85408
_d
85408